Karolína : domácí kuchařka. Štěstí z kuchyně /

Hlavní autor: Ponocná Kamberská, Karolina, 1972-
Korporativní autor: Televize Prima
Jazyk: Čeština
Vydáno: Praha : NOW Productions, 2015
Vydání: Vydání první
Témata:
Fyzický popis: 206 stran : barevné ilustrace ; 26 cm
Knihy
Uloženo v:
LEADER 01521nam a2200445 i 4500
001 nkc20152724803
003 CZ PrNK
005 20211206110931.0
007 ta
008 150814s2015 xr a e f 001 0 cze
015 |a cnb002724803 
020 |a 978-80-260-8576-8  |q (brožováno)  |z 9788026085768 
035 |a (OCoLC)1005736693 
040 |a BOA001  |b cze  |d ABA001  |e rda 
072 7 |a 641  |x Kuchařství. Potraviny. Vařená jídla  |2 Konspekt  |9 19 
080 |a 641.55  |2 MRF 
080 |a (083.12)  |2 MRF 
100 1 |a Ponocná Kamberská, Karolina,  |d 1972-  |7 xx0033899  |4 aut 
245 1 0 |a Karolína :  |b domácí kuchařka.  |p Štěstí z kuchyně /  |c Karolína Kamberská 
246 3 0 |a Domácí kuchařka 
246 3 0 |a Štěstí z kuchyně 
250 |a Vydání první 
264 1 |a Praha :  |b NOW Productions,  |c 2015 
300 |a 206 stran :  |b barevné ilustrace ;  |c 26 cm 
336 |a text  |b txt  |2 rdacontent 
336 |a statický obraz  |b sti  |2 rdacontent 
337 |a bez média  |b n  |2 rdamedia 
338 |a svazek  |b nc  |2 rdacarrier 
500 |a Na obálce nad názvem: Prima 
500 |a Obsahuje rejstřík 
650 0 7 |a jídla  |7 ph114847  |2 czenas 
650 0 9 |a meals  |2 eczenas 
655 7 |a kuchařské recepty  |7 fd132687  |2 czenas 
655 9 |a cookbooks  |2 eczenas 
710 2 |a Televize Prima  |7 kn20030311019  |4 isb 
910 2 |a BOA001  |b 3-1378.366 
990 |a BK 
995 |a 01 
991 |b 201701  |c NOV 
996 6 |b 2610691733  |c 3-1378.366  |l MZK  |r Sklad / do 1 hodiny  |n 2  |p p.v.  |w 001593751  |u 000010  |a 1  |e BOA001  |j MZK50  |s P